| 000 | 01661pam a2200337 a 4500 | ||
|---|---|---|---|
| 001 | 1182445 | ||
| 005 | 20010302173347.0 | ||
| 008 | 971020s1998 maua b 001 0 eng | ||
| 010 | _a 97038915 | ||
| 020 | _a0070579474 (acidfree paper) | ||
| 040 |
_aDLC _cDLC _dDLC |
||
| 050 | 0 | 0 |
_aHB171.5 _b.S25 1998 |
| 082 | 0 | 0 |
_a330 _221 _bSAM |
| 100 | 1 |
_aSamuelson, Paul Anthony, _d1915- _95451 |
|
| 245 | 1 | 0 |
_aEconomics / _cPaul A. Samuelson, William D. Nordhaus. |
| 250 | _a16th ed. | ||
| 260 |
_aBoston, Mass : _bIrwin/McGraw-Hill, _cc1998. |
||
| 300 |
_axxxvii, 781 p. : _bill. (some col.) ; _c26 cm. |
||
| 500 | _aAlso issued in two separate volumes under titles: Macroeconomics, sixteenth ed. and Microeconomics, sixteenth ed. | ||
| 504 | _aIncludes bibliographical references and index. | ||
| 650 | 0 |
_aEconomics. _95452 |
|
| 700 | 1 |
_aNordhaus, William D. _95453 |
|
| 700 | 1 |
_aSamuelson, Paul Anthony, _d1915- _tMacroeconomics. _95454 |
|
| 700 | 1 |
_aSamuelson, Paul Anthony, _d1915- _tMicroeconomics. _95455 |
|
| 942 |
_2ddc _cBB |
||
| 999 |
_c11653 _d11653 |
||